000
00224nam a2200097Ia 4500
008
240331s9999 xx 000 0 und d
082
_b
KAN
100
_a
Kannangara, N.D
245
0
_a
Jaffna and the Sinhala heritage
942
_c
L
999
_c
5582
_d
5582